000
00173nam a2200073Ia 4500
008
170817s9999 xx 000 0 und d
100
_a
Tandon.R.K
245
0
_a
Dictionary Of Botany
260
_b
A. P. H. PUB.
999
_c
38518
_d
38518